000 00930nam a2200277 a 4500
001 BRL_268
005 20190320210649.0
008 170713s1979----u--a######---#000-0#eng-#
020 _a0910584524
041 _aeng
044 _au
050 4 _aE99.P25
_b.U53 1979
100 1 _aUnderhill, Ruth
_d1883-1984
_923409
245 1 0 _aThe Papago and Pima Indians of Arizona
_cby Ruth Underhill ; illustrated with photographs from the Bureau of American Ethnology and drawings by Velino Herrera.
260 _aEstados Unidos de América
_bThe Filter Press
_c1979
300 _aiv, 60 p.
_bil.
_c21 cm.
440 0 _aWild and Woolly West Books
_v37
_923410
500 _aAu2306
504 _aBibliografía : p. 60
650 1 4 _aIndígenas Tohono O’Odham
_923411
650 1 4 _aIndígenas Pima
_923412
700 1 _aHerrera, Velino
_eil.
_923413
710 2 _aBureau of American Ethnology
_923414
902 _aGRL
942 _2lcc
_cB
999 _c9081
_d9081